Quick Pick: Top Row Keyboard Letters Quiz Stats

Quiz Updated Nov 28, 2016

Challenge
Share
Tweet
Embed
Score 0/10 Timer 00:30
2 Plays Today
% Correct
Q
95.5%
E
93%
W
92.2%
R
91.9%
T
91.6%
Y
89%
P
81.9%
I
80.5%
U
80.3%
O
79.6%

Today's Daily Dose

You're not logged in!

Compare scores with friends on all Sporcle quizzes.
Join for Free
OR
Log In

You Might Also Like...

Show Comments

Extras

Top Quizzes Today


Score Distribution

Your Account Isn't Verified!

In order to create a playlist on Sporcle, you need to verify the email address you used during registration. Go to your Sporcle Settings to finish the process.

Report this User

Report this user for behavior that violates our Community Guidelines.

Details: